000 00283nam a22001337a 4500
008 170130b xxu||||| |||| 00| 0 eng d
020 _a9780721645193
041 _aeng
080 _a618.2
100 _a2
101 _aINF
245 _aCRITICAL CARE SKILLS
_cMIMS
942 _2udc
_cBK
999 _c3948
_d3948